000 00461nam a2200193Ia 4500
005 20240823044147.0
008 240823s9999||||xx |||||||||||||| ||und||
020 _a0-07-048398-1
041 _aENGLISH
082 _A621.382 P2
100 _a"Frenzel,Louis E"
245 0 _aCommunication Electronics
250 _a3rd
260 _c2002
_b"TMH,New Delhi"
500 _aTRANSFERED
650 _aElectronics
_bElectronics
942 _cBK
999 _c211910
_d211910